Energy prospects to 1985

Kaydedildi:
Detaylı Bibliyografya
Materyal Türü: Kitap
Dil:Undetermined
Baskı/Yayın Bilgisi: Paris OECD 1975
Konular:
Etiketler: Etiketle
Etiket eklenmemiş, İlk siz ekleyin!
Thư viện lưu trữ: Trung tâm Học liệu Trường Đại học Cần Thơ
LEADER 00407nam a2200157Ia 4500
001 CTU_78046
008 210402s9999 xx 000 0 und d
082 |a 333.7 
082 |b E56/Vol.2 
245 0 |a Energy prospects to 1985 
245 0 |c OECD 
260 |a Paris 
260 |b OECD 
260 |c 1975 
650 |a Energy development,Energy policy 
980 |a Trung tâm Học liệu Trường Đại học Cần Thơ